000 00730nam a2200205Ia 4500
003 IN-BaIIA
008 211028s9999 xx 000 0 eng d
020 _a978-0-8194-7224-3
040 _cIIA Library
080 _a535(082.1)
_bSPI-7014
245 0 _aGround-based and airborne instrumentation for astronomy II
_cedited by Ian S. McLean and Mark M. Casali
260 _aWashington
_bThe International Society for Optical Engineering
_c2008
300 _a[various pagings.]
650 _aInstrumentation - congresses
_931707
650 _aOptical imaging - congresses
_933051
650 _aOptical spectroscopy - congresses
_933052
700 _aCasali, M. M., ed.
_933053
700 _aMcLean, I. S., ed.
_933054
942 _cBK
999 _c17491
_d17491